00919nam a2200241Ia 450000100060000000300090000600800410001504000130005604000130006904100120008210000170009410000290011124500730014024500360021325000110024926000110026026000270027126000490029830000570034750002180040465000240062265000310064676348IT-RoPAU130308s9999 xx 000 0 und d aIT-RoPAU cIT-RoPAU aINGLESE aMorley David gCodice Aut. SPICS: 6153 aDomestic Relations: the Framework of Family Viewing in Great Britain bWorld Families Watch Television a1a ed. aLONDON bSage Publications B.H. c1988 [1° Ed.:1988 - Ed.Ling.Originale:1988] a"27 p. (prefazione: no ; testo: 27 [pagine: 22-48])" aRelazioni Domestiche Struttura della Famiglia in gran Bretagna Televisione in gran Bretagna Audience televisiva Potere e Controllo Sulla scelta dei programmi Stili di Vita Uso della Televisione programmi Preferiti aTEORICHE TELEVISIVE eCodice materia Spics: 6955